LEADER 01627nam a2200361 a 4500 001 000000165901 003 CaOOAMICUS 005 20220624140222.0 008 180213s2017 it u000 u ita r 020 $a978-88-311-9396-2* 032 $aLibriCat 040 $aPUL$bita 041 1 $aita$heng 082 04$a220.705 130 0 $aJohn 1-10.$lItaliano.$0(OLS)http://pul/title/205611 245 10$aGiovanni 1-10 /$ca cura di Joel C. Elowsky ; edizione italiana a cura di Stefano Poletti ; traduzioni di Idalgo Baldi (1,1-5,29) e Stefano Poletti (5,30-10,42) 260 $aRoma :$bCittà Nuova,$c©2017. 300 $a539 p. ;$c26 cm. 490 1 $aLa Bibbia commentata dai Padri.$aNuovo Testamento ;$v4/1 500 $aComprende riferimenti bibliografici e indice. 630 04$aBiblia.$pN.T.$pIohannes$xCommenti.$0(OLS)http://pul/subject/37921 700 1 $aBaldi, Idalgo.$0(OLS)http://pul/name/106934 700 1 $aPoletti, Stefano.$0(OLS)http://pul/name/106932 700 1 $aElowsky, Joel C.$0(OLS)http://pul/name/106933 830 3$aLa Bibbia commentata dai Padri.$pNuovo Testamento ;$v4/1.$0(OLS)http://pul/title/101707 850 $aPUL 852 $aPUL$W1$xSL Religione 3$y85$m220. 705 COLL 2.4.1$j190383$qDDC 21$B193282$CPULBib$Z2$F193282 $H130276 $81 941 1 $a9 996 $6020$a978-88-311-9396-2*$9(OLS)http://pul/number/163487 996 $6082$a220.705$9(OLS)http://pul/classification/633 996 $6245$aGiovanni 1-10$9(OLS)http://pul/title/205612 996 $6260$aRoma :$bCittà Nuova$9(OLS)http://pul/publisher/47927 LEADER 01849nam a2200385 a 4500 001 000000140851 003 CaOOAMICUS 005 20141211104408.0 008 141211s2014 it u000 u ita r 020 $a978-88-13-33995-1 040 $aPUL$bita 082 04$a348.45 100 1 $aCrespi, Alberto.$0(OLS)http://pul/name/15775 245 10$aCommentario breve al Codice penale :$bcomplemento giurisprudenziale /$cAlberto Crespi, Gabrio Forti, Giuseppe Zuccalà ; a cura di Giuseppe Zuccalà ; con la collaborazione di Aurelio Barazzetta ... [et al.]. 250 $a15. ed. per prove concorsuali ed esami. 260 $aPadova :$bCEDAM,$c2014$aMilanofiori Assago :$bWolters Kluwer 300 $aXXXII, 3026 p. ;$c24 cm 490 1 $aBreviaria Iuris ;$v04 500 $aComprende indici. 500 $aTesto su due colonne. 630 04$aCodice penale$zItalia.$0(OLS)http://pul/subject/12325 650 4$aDiritto penale$zItalia.$0(OLS)http://pul/subject/10217 700 1 $aZuccalà, Giuseppe.$0(OLS)http://pul/name/15776 700 1 $aForti, Gabrio,$d1953-$0(OLS)http://pul/name/69491 700 1 $aBarazzetta, Aurelio.$0(OLS)http://pul/name/40837 830 0$aBreviaria Iuris ;$v04.$0(OLS)http://pul/title/8521 850 $aPUL 852 $aPUL$W1$xDP2 Diritto e Scienze Sociali 3$y110$m348. 45 COD 1.1.41$j162619$qDDC 21$B162237$CPULBib$Z2$F162237 $H125098 $82 941 1 $a9 996 $6020$a978-88-13-33995-1$9(OLS)http://pul/number/156474 996 $6082$a348.45$9(OLS)http://pul/classification/373 996 $6245$aCommentario breve al Codice penale :$bcomplemento giurisprudenziale$9(OLS)http://pul/title/64872 996 $6260$aPadova :$bCEDAM$9(OLS)http://pul/publisher/48126 996 $6260$aMilanofiori Assago :$bWolters Kluwer$9(OLS)http://pul/publisher/81463